Sociocultural integration of smaller tribal communities in a multi-ethnic society: The case of Hrangkhawls in Tripura (Record no. 529830)

000 -LEADER
fixed length control field 01725nam a22001457a 4500
008 - FIXED-LENGTH DATA ELEMENTS--GENERAL INFORMATION
fixed length control field 250508b ||||| |||| 00| 0 eng d
100 ## - MAIN ENTRY--PERSONAL NAME
Personal name Thomas Malsom, and Panda, B.
245 ## - TITLE STATEMENT
Title Sociocultural integration of smaller tribal communities in a multi-ethnic society: The case of Hrangkhawls in Tripura
260 ## - PUBLICATION, DISTRIBUTION, ETC. (IMPRINT)
Place of publication, distribution, etc Sociological Bulletin
300 ## - PHYSICAL DESCRIPTION
Extent 74(1), Jan, 2025: p.7-24
520 ## - SUMMARY, ETC.
Summary, etc While the process of integration allows diversity, forced assimilation encourages homogenisation as the inherent distinctiveness gets subsumed under the dominant cultural system. Despite various constitutional policies, provisions, developmental approaches and strategies adopted to protect, preserve and promote the culture and ethnic identity of the tribes in North-East India, there have been instances of forced assimilation. It is the larger group that strongly influences the numerically smaller tribal communities which subsequently leads to the process of ethnocide. Drawing insights from the literature on ethnocide, the article examines the cultural marginalisation, forced assimilation and cultural homogenising process that has taken place among the Hrangkhawls of Tripura. The article argues that the modern development approaches, heterogenous cultural blindness and forced assimilation have compelled the numerically smaller tribal communities like Hrangkhawls towards cultural marginalisation and ethnic identity distortion in the multi-ethnic state of Tripura.
• https://journals.sagepub.com/doi/full/10.1177/00380229241306089
650 ## - SUBJECT ADDED ENTRY--TOPICAL TERM
Topical term or geographic name as entry element Cultural marginalization, Homogenisation, Forced assimilation, Ethnocide, Hrangkhawls of Tripura.
9 (RLIN) 52934
773 ## - HOST ITEM ENTRY
Main entry heading Sociological Bulletin
942 ## - ADDED ENTRY ELEMENTS (KOHA)
Item type Articles
Holdings
Withdrawn status Lost status Source of classification or shelving scheme Damaged status Not for loan Permanent location Current location Date acquired Serial Enumeration / chronology Barcode Date last seen Koha item type
          Indian Institute of Public Administration Indian Institute of Public Administration 2025-05-08 74(1), Jan, 2025: p.7-24 AR135679 2025-05-08 Articles

Powered by Koha